000 00330nam a2200121Ia 4500
008 220217s9999||||xx |||||||||||||| ||und||
082 _a658.403 8 MOD
100 _aMody, Suresh, M
245 0 _aTrianer workshop manual
260 _aIndian society for technical edu.
_bNew Delhi
_c1996
300 _b0
650 _aMANAGEMENT
999 _c173019
_d173019